书目信息 |
| 题名: |
牧草饲料作物栽培学
|
|
| 作者: | 王建光 主编 | |
| 分册: | ||
| 出版信息: | 北京 中国农业出版社 2018 |
|
| 页数: | 482页 | |
| 开本: | 26cm | |
| 丛书名: | ||
| 单 册: | ||
| 中图分类: | S54 | |
| 科图分类: | ||
| 主题词: | 牧草--栽培技术--高等教育--教材 , 饲料作物--栽培技术--高等教育--教材 | |
| 电子资源: | ||
| ISBN: | 978-7-109-24819-9 | |
| 000 | 01034nam0 2200265 45 | |
| 001 | 012001005366 | |
| 005 | 20191213103440.12 | |
| 010 | @a978-7-109-24819-9@dCNY59.50 | |
| 100 | @a20190406d2018 em y0chiy50 ea | |
| 101 | 0 | @achi |
| 102 | @aCN@b110000 | |
| 105 | @aa z 000yy | |
| 106 | @ar | |
| 200 | 1 | @a牧草饲料作物栽培学@9mu cao si liao zuo wu zai pei xue@f王建光主编 |
| 205 | @a2版 | |
| 210 | @a北京@c中国农业出版社@d2018 | |
| 215 | @a482页@c图@d26cm | |
| 300 | @a普通高等教育农业农村部“十三五”规划教材 全国高等农林院校“十三五”规划教材 | |
| 330 | @a本书分四篇共十五章,主要由总论和各论两大部分组成:总论阐述牧草的分布区划、牧草的生长发育规律、牧草地的农田小气候、土壤耕作与耕作制、牧草地建植与管理技术等;各论广泛介绍了我国应用的豆科牧草、禾本科牧草、其他科牧草和各类饲料作物。 | |
| 606 | 0 | @a牧草@x栽培技术@x高等教育@j教材 |
| 606 | 0 | @a饲料作物@x栽培技术@x高等教育@j教材 |
| 690 | @aS54@v5 | |
| 701 | 0 | @a王建光@9wang jian guang@4主编 |
| 801 | 0 | @aCN@b江苏凤凰@c20191020 |
| 905 | @b1208004-7@dS54@e118=2@f4 | |
| 牧草饲料作物栽培学/王建光主编.-2版.-北京:中国农业出版社,2018 |
| 482页:图;26cm |
| 普通高等教育农业农村部“十三五”规划教材 全国高等农林院校“十三五”规划教材 |
| ISBN 978-7-109-24819-9:CNY59.50 |
| 本书分四篇共十五章,主要由总论和各论两大部分组成:总论阐述牧草的分布区划、牧草的生长发育规律、牧草地的农田小气候、土壤耕作与耕作制、牧草地建植与管理技术等;各论广泛介绍了我国应用的豆科牧草、禾本科牧草、其他科牧草和各类饲料作物。 |
| ● |
| 相关链接 |
|
|
|
|
正题名:牧草饲料作物栽培学
索取号:S54/118=2
 
预约/预借
| 序号 | 登录号 | 条形码 | 馆藏地/架位号 | 状态 | 备注 |
| 1 | 1208004 | 212080040 | 第二样本阅览室/ [索取号:S54/118=2] | 在馆 | |
| 2 | 1208005 | 212080059 | 第三借阅区/ [索取号:S54/118=2] | 在馆 | |
| 3 | 1208006 | 212080068 | 第三借阅区/ [索取号:S54/118=2] | 在馆 | |
| 4 | 1208007 | 212080077 | 第三借阅区/ [索取号:S54/118=2] | 在馆 |